000 00776nam a22000977a 4500
008 170211b xxu||||| |||| 00| 0 eng d
100 _aKahn, Henry
245 _aConcentration camp and ghetto mail system under the Nazi regime
260 _aRockaway Park, N.Y.
_bJudaica Historical Philatelic Society
_c1966
650 _aGermany | 1933-1945 | Prisoner-of-War and Internee Mail | Ghetto Mail | Ghettos | Censored Mail | World War II, 1939-1945 | Postal History | Covers | Postal Markings | Postal Service | Postal Stationery | Postal Laws and Regulations | Germany -- Occupation of Bohemia and Moravia | Czechoslovakia | Bohemia and Moravia | Theresienstadt | Terezin | Seals and Labels | Cinderella Material | Poland | Austria | France | Netherlands | Italy | Latvia | Estonia | Europe
999 _c2251
_d2251